| 000 | 01124cam a22002894a 4500 | ||
|---|---|---|---|
| 001 | 12624334 | ||
| 005 | 20161116143559.0 | ||
| 008 | 011218s2002 nju b 001 0 eng | ||
| 010 | _a 2001059337 | ||
| 020 | _a0130348341 | ||
| 040 |
_aDLC _cDLC |
||
| 042 | _apcc | ||
| 050 | 0 | 0 |
_aTS155 _b.R75 2002 |
| 100 | 1 | _aRussell, Roberta S. | |
| 245 | 0 | 0 |
_aOperations management _cRoberta S. Russell, Bernard W. Taylor III. |
| 250 | _a4th ed. | ||
| 260 |
_aUpper Saddle River, NJ : _bPrentice Hall, _c2003. |
||
| 300 |
_axx, 824 p. : _bcol. ill. ; _c26 cm. + _e1 CD-ROM (4 3/4 in.) |
||
| 504 | _aIncludes bibliographical references and index. | ||
| 590 | _aLC copy missing CD-ROM. | ||
| 650 | 0 | _aProduction management. | |
| 650 | 0 | _aQuality control. | |
| 700 | 1 | _aTaylor, Bernard W. | |
| 906 |
_a7 _bcbc _corignew _d1 _eocip _f20 _gy-gencatlg |
||
| 942 |
_2lcc _cBK |
||
| 999 |
_c24647 _d24647 |
||